[Event "Cappelle Online Rapid op"]
[Site "Europe Echecs INT"]
[Date "2021.03.06"]
[Round "4"]
[White "Boissonnier, Kimo"]
[Black "Fouassier, Sylvain"]
[Result "1-0"]
[WhiteElo "2016"]
[BlackElo "1754"]
[PlyCount "75"]
[EventDate "2021.03.06"]
[EventType "swiss (rapid)"]
[EventRounds "9"]
[EventCountry "FRA"]
[SourceTitle "CBM 201 Extra"]
[Source "ChessBase"]
[SourceDate "2021.05.31"]
[SourceVersion "1"]
[SourceVersionDate "2021.05.31"]
[SourceQuality "1"]

1. d4 Nf6 2. Nf3 e6 3. c4 b6 4. Bg5 Be7 5. e3 Bb7 6. Be2 d5 7. 0-0 Nbd7 8. Nbd2 0-0 9. Rc1 h6 10. Bh4 c5 11. Bg3 Nh5 12. Be5 Nhf6 13. Bg3 Nh5 14. Be5 Nxe5 15. Nxe5 Nf6 16. Bf3 cxd4 17. cxd5 dxe3 18. fxe3 Bxd5 19. Bxd5 Nxd5 20. Rf3 Bc5 21. Rxc5 bxc5 22. Rg3 Nf6 23. Qe2 Qd5 24. Ng4 Nxg4 25. Qxg4 Qe5 26. Nc4 Qf6 27. h3 Rfd8 28. Kh2 Rab8 29. Rf3 Qe7 30. Qf4 Rb7 31. Ne5 Qc7 32. Rg3 Kh8 33. Qf3 Rd5 34. Ng4 h5 35. Nf6 h4 36. Nh5 hxg3+ 37. Nxg3 Rxb2 38. h4 1-0

[Event "Cappelle Online Rapid op"]
[Site "Europe Echecs INT"]
[Date "2021.03.06"]
[Round "8"]
[White "Naudier, Serge"]
[Black "Fouassier, Sylvain"]
[Result "0-1"]
[WhiteElo "2097"]
[BlackElo "1754"]
[PlyCount "82"]
[EventDate "2021.03.06"]
[EventType "swiss (rapid)"]
[EventRounds "9"]
[EventCountry "FRA"]
[SourceTitle "CBM 201 Extra"]
[Source "ChessBase"]
[SourceDate "2021.05.31"]
[SourceVersion "1"]
[SourceVersionDate "2021.05.31"]
[SourceQuality "1"]

1. e4 c5 2. Nf3 d6 3. d4 cxd4 4. Nxd4 Nf6 5. Nc3 a6 6. Be2 e6 7. Be3 Be7 8. g4 b5 9. g5 Nfd7 10. f4 Bb7 11. a3 Nc6 12. Nxc6 Bxc6 13. Qd2 Qc7 14. Bf3 Rc8 15. 0-0-0 a5 16. h4 b4 17. Nb1 Ba4 18. Rh2 Nc5 19. Bxc5 Qxc5 20. Re1 0-0 21. c3 bxc3 22. Nxc3 Rb8 23. Bd1 Bc6 24. h5 Rfc8 25. g6 fxg6 26. hxg6 h6 27. Bg4 Bd7 28. Re3 Bf6 29. e5 dxe5 30. Qxd7 Qxe3+ 31. Qd2 Qxd2+ 32. Rxd2 Rc6 33. Kd1 exf4 34. Ne4 Bxb2 35. Nd6 Bxa3 36. Bxe6+ Kf8 37. Nc4 Rb1+ 38. Kc2 Rb2+ 39. Kd3 Rxd2+ 40. Kxd2 Rxe6 41. Nxa3 f3 0-1